A dynamic theory of resource wars (Record no. 96732)

000 -LEADER
fixed length control field 00433pab a2200181 454500
008 - FIXED-LENGTH DATA ELEMENTS--GENERAL INFORMATION
fixed length control field 180718b2012 xxu||||| |||| 00| 0 eng d
100 ## - MAIN ENTRY--PERSONAL NAME
Personal name Acemoglu, Daron
245 ## - TITLE STATEMENT
Title A dynamic theory of resource wars
260 ## - PUBLICATION, DISTRIBUTION, ETC.
Date of publication, distribution, etc. 2012
300 ## - PHYSICAL DESCRIPTION
Extent p.283-331.
362 ## - DATES OF PUBLICATION AND/OR SEQUENTIAL DESIGNATION
Dates of publication and/or sequential designation Feb
650 ## - SUBJECT ADDED ENTRY--TOPICAL TERM
Topical term or geographic name entry element War
700 ## - ADDED ENTRY--PERSONAL NAME
Personal name Yared, Pierre
700 ## - ADDED ENTRY--PERSONAL NAME
Personal name Golosov, Mikhail, Aleh
773 ## - HOST ITEM ENTRY
Main entry heading Quarterly Journal of Economics
908 ## - PUT COMMAND PARAMETER (RLIN)
Put command parameter N
909 ## -
-- 96732
Holdings
Withdrawn status Lost status Damaged status Not for loan Permanent Location Current Location Date acquired Serial Enumeration / chronology Barcode Date last seen Price effective from Koha item type
        Indian Institute of Public Administration Indian Institute of Public Administration 2018-07-19 Volume no: 127, Issue no: 1 AR97192 2018-07-19 2018-07-19 Articles

Powered by Koha